LIBRARY & INFORMATION CENTRE, KCAET, TAVANUR

ONLINE PUBLIC ACCESS CATALOGUE (OPAC)

Poetical works of John Milton / (Record no. 4204)

MARC details
000 -LEADER
fixed length control field 00357cam a2200145ua 4500
041 ## - LANGUAGE CODE
Language code of text/sound track or separate title eng
082 ## - DEWEY DECIMAL CLASSIFICATION NUMBER
Classification number 821
Item number MIL/PO
100 ## - MAIN ENTRY--AUTHOR NAME
Personal name Milton, John.
245 ## - TITLE STATEMENT
Title Poetical works of John Milton /
260 ## - PUBLICATION, DISTRIBUTION, ETC. (IMPRINT)
Place of publication London :
Name of publisher McMillon & Co Ltd ,
Year of publication 1961.
300 ## - PHYSICAL DESCRIPTION
Number of Pages 625 ; .
942 ## - ADDED ENTRY ELEMENTS (KOHA)
Koha item type Books
Holdings
Withdrawn status Lost status Damaged status Home library Current library Date acquired Full call number Accession Number Koha item type
Withdrawn     KAUAET Central Prison Tavanur 07/04/2012 821 4188 Books
free website counter